000 00551nam a2200181Ia 4500
005 20260429112238.0
008 260429s9999||||xx |||||||||||||| ||und||
020 _a9788176706433
041 _aHindi
082 _a294.5
_bJOS
100 _aजोशी, प्रभाष
245 0 _aहिंदू होने का धर्म /
_cप्रभाष जोशी
250 _a0
260 _aनई दिल्ली :
_bराजकमल प्रकाशन,
_c2025.
300 _a654 p.; Hb
650 _aHinduism
942 _cTB
999 _c53094
_d53094